00662nam a2200265Ia 4500008004100000020001500041050001400056100002800070245002900098245006200127260002500189260001600214260000900230300001400239300001400253300001000267500000800277650002300285650001300308650001300321650001900334650001200353700002000365700001100385180803s9999 xx 000 0 und d a0590223135 bM682 1993 aMitchell, Margaree King 0aUncle Jed's barbershop / 0cby Margaree King Mitchell ; illustrated by James Pansome. aNew York, New York : bScholastic, c1993 aunpaged : bcolored ; c29cm. a710 aAfrican Americans. aBarbers. aPoverty. aSick children. aUncles. aRansome, James. aTitle.